Oran - Culture générale - Statistiques

Statistiques générales
  • Ce quiz a été pris 65 fois
  • Le résultat moyen est 8 sur 15
Statistiques - réponses
Information Réponse % Correct
Pays dans lequel se situe Oran Algérie
100%
Genre musical né à Oran, qui est devenu un symbole culturel national Raï
94%
Mer sur laquelle donne la ville Méditerranée
93%
Chanteur de ce genre musical, il interprète notamment Aïcha ou Didi dans les années 90 Khaled
76%
Grand couturier français qui naît et grandit à Oran Yves Saint-Laurent
70%
Légumineuse dont la farine est à la base du Karantika, sandwich de rue originaire d'Oran Pois chiche
56%
Constructeur automobile français qui a ouvert récemment une grande usine à Oran (qui est aujourd'hui quasiment à l'arrêt dans un climat de litige) Renault
54%
Région musulmane d’Ibérie dont sont issus les marchands fondateurs d’Oran Al-Andalus
52%
Fameux roman d'Albert Camus qui se déroule à Oran La Peste
43%
Ce que veut dire "Portus Divini", le nom donné au port d'Oran par les Romains Port des dieux
43%
Réalisateur de Astérix et Obélix : Mission Cléopâtre, né ici en 1958 Alain Chabat
41%
Royaume qui conquiert la ville en 1509 Espagne
30%
Nom donné au Nouvel an Amazigh, encore largement célébré dans la ville Yennayer
28%
Nom donné en Afrique du Nord à un fleuve au régime hydrologique irrégulier (souvent sec ou en crue). La ville s'est développée autour de l'un deux Oued
19%
Montagne qui domine la ville, on y trouve le fort de Santa Cruz Aïdour
9%
Aucun quiz correspondant
Distribution des résultats
% des personnes avec chaque résultat
Percentile par nombre de réponses
Votre historique - résultats
Vous n’avez pas pris ce quiz